000 00655nam a2200229 i 4500
001 C2-0174542
003 PPAK
005 20180728094452.0
008 980921s1969 at |||| ||||| | may d
040 _aPPAK
_beng
_cPPAK
_erda
082 0 4 _a899.231
_2 23
090 0 0 _a899.231
_bKEB
_dKIH
090 0 0 _a899.231
_bKEB
_dKSS
245 0 0 _aKebangkitan :
_bantoloji sajak
264 1 _a[Canberra] :
_bFakultas Pengajian Oriental, Universiti Nasional Australia ,
_c1969
300 _aiii, 85 pages ;
_c25 cm
336 _2rdacontent
_atext
337 _2rdamedia
_aunmediated
338 _2rdacarrier
_avolume
650 1 0 _aMalay poetry
942 _ddc
_cB
999 _c155326
_d155326